000 00772cam a22002291 4500
001 ca 25000990
003 DLC
005 20260227111115.0
008 810617s1910 no 000 0 eng
010 _aca 25000990
035 _a(OCoLC)7508785
040 _aDLC
_cCCC
_dCCC
_dOCoLC
_dDLC
050 0 0 _aE210
_b.K78
051 _cSeparate.
100 1 _aKoht, Halvdan,
_d1873-1965.
245 1 0 _aGenesis of American independence,
_cby Halvdan Koht.
260 _aKristiania,
_bJ. Dybwad,
_c1910.
300 _a23 p.
_c24 cm.
490 0 _aChristiania videnskabs-selskabs Forhandlinger for 1910.
_vno. 3
500 _a"Paper read before the Christiania society of arts and sciences, February 25, 1910."
651 0 _aUnited States
_xHistory
_yRevolution, 1775-1783
_xCauses.
999 _c16028
_d16028